Sets, matrices, and linear programming
Gespeichert in:
| 1. Verfasser: | |
|---|---|
| Format: | Buch |
| Sprache: | Englisch |
| Veröffentlicht: |
Englewood Cliffs
Prentice Hall
1974
|
| Tags: |
Keine Tags, Fügen Sie das erste Tag hinzu!
|
MARC
| LEADER | 00000nam a2200000 4500 | ||
|---|---|---|---|
| 001 | c109319 | ||
| 005 | 20041019155143.8 | ||
| 041 | 0 | |a eng | |
| 044 | |a US | ||
| 245 | 1 | 0 | |a Sets, matrices, and linear programming |c Robert L. Childress |
| 264 | 1 | |a Englewood Cliffs |b Prentice Hall |c 1974 | |
| 300 | |a 356 s. | ||
| 100 | 1 | |a Childress, Robert L. | |